MDQL
is popping MORE tags! Check the
thread
!
Quizzes
Events
Quiz Creation
Community
Videos
Private Events
Remove Ads
Sign In
Join for FREE
Feedback
Dark Mode
Quiz Categories
Sports
Geography
Music
Movies
Television
Just For Fun
Miscellaneous
History
Literature
Language
Science
Gaming
Entertainment
Religion
Holiday
For Kids
Quiz Lab
Recent
Popular Today
Quiz Kudos Today
Editor Picks
Curator Picks
Quizzes by...
Day
Popularity
Type
Ratings
Length
Year
Community
Subscriptions
Recent Discussions
Orange Saloon
Badges
Playlists
Quests
Create
Leaderboards
Showdown
Live 5
Trivia Bingo
Activity
Puzzle Library
Sporcle Events
Private Events
Virtual Trivia
Globe League
Become a Host
Pub Owners
SporcleCon
Opinionation
Our Games
Videos
Blog
Mobile Apps
Partnerships
Remove Ads and Go Orange
Feedback
Entertainment
Celebrity
Famous
Musical
Broadway
Show
Quote
Comic Books
Anime
Superhero
DC Comics
Marvel
Cartoons
Animation
Entertainment
Celebrity
Famous
Musical
Broadway
Show
Quote
Comic Books
Anime
Superhero
DC Comics
Marvel
Cartoons
Animation
Random Quiz
Search Sporcle
×
Quiz Lab
Quiz Lab
Entertainment
Harry Potter
Type in answers that appear in a list
Type in answers that appear in a list
Classic
Best Score? Go Orange.
Staff of Hogwarts Stats
Can you name the Staff Members of Hogwarts ?
By
MattMinecraft
12m
35 Questions
95 Plays
95 Plays
95 Plays
Comments
Comments
Give Quiz Kudos
Give Quiz Kudos
-
- Ratings
hide this ad
More Info
Replay
Link that replays current quiz
Next Quiz
Link to next quiz in quiz playlist
You Got
0%
They Got
Avg Score
81%
Avg Friend Score
Upgrade to see
Score Distribution
Jump to the score distribution portion of the page
Score
0/35
Timer
12:00
0
Plays Today
Position
Name
% Correct
Headmaster/
Transfiguration
Albus Dumbledore
98.9%
Transfiguration
Minerva McGonagall
96.8%
Defense Against the Dark Arts
Dolores Umbridge
96.8%
Caretaker
Argus Filch
96.8%
Charms
Filius Flitwick
95.8%
Defense Against the Dark Arts
Quirinus Quirrell
95.8%
Defense Against the Dark Arts
Remus Lupin
95.8%
Defense Against the Dark Arts
Gilderoy Lockhart
94.7%
Flying Instructor
Rolanda Hooch
94.7%
Defense Against the Dark Arts
Alastor Moody
93.7%
Potions
Horace Slughorn
93.7%
Herbology
Pomona Sprout
93.7%
Potions/
Defense Against the Dark Arts
Severus Snape
92.6%
Care of Magical Creatures
Rubeus Hagrid
92.6%
Defense Against the Dark Arts
Amycus Carrow
91.6%
Divination
Sybill Trelawney
91.6%
Muggle Studies
Alecto Carrow
91.6%
Matron
Poppy Pomfrey
90.5%
Position
Name
% Correct
History of Magic
Cuthbert Binns
87.2%
Librarian
Irma Pince
85.3%
Divination
Firenze
85.3%
Herbology
Neville Longbottom
85.1%
Care of Magical Creatures Substiute
Wilhelmina Grubbly-Plank
84.2%
Arithmancy
Septima Vector
81.1%
Headmaster
Armando Dippet
80%
Astronomy
Aurora Sinistra
80%
Muggle Studies
Charity Burbage
80%
Ancient Runes
Bathseda Babbling
72%
Care of Magical Creatures
Silvanus Kettleburn
71.6%
Apparition Instructor
Wilkie Twycross
62.1%
Caretaker
Apollyon Pringle
54%
Defense Against the Dark Arts
Galatea Merrythought
48.4%
O.W.L Instructor
Professor Tofty
38.9%
Herbology
Herbert Beery
36.8%
O.W.L Instructor
Griselda Marchbanks
36.8%
Quiz Playlist
Details
Report
Send in Message
Add To Playlist
More Info:
Type the surname of the Professors that, at one time, taught at Hogwarts School of Witchcraft and Wizardry.
Classic:
Type in answers that appear in a list
Last Updated: Feb 16, 2017
Quiz Scoreboard
CHALLENGE
Sign Up to Join the Scoreboard
Show All
Scores
Hide
Comments
May contain spoilers
Recently Published
Street Fighter Characters
by Artimus82
Gaming
60s
9x9 Crossword: Cartoon Network
by jackfrog10
Miscellaneous
3m
College Basketball Coaching Resumes
by pancakes188
Sports
9m
More to Explore
Quiz From the Vault
Featured Blog Post
Where Did the Easter Bunny Come From?
hide this ad
You Might Also Like...
Tags
Harry Potter Quiz
Hogwarts
professor
school
staff
taught
Today's Top Quizzes in Entertainment
Browse Entertainment
hide this ad
Today's Top Quizzes in Harry Potter
Browse Harry Potter
Top Contributed Quizzes in Entertainment
1
7-to-1: DC Comics Villains
2
Marvel Characters Bunker
3
Eurovision 2023 Logic Puzzle
4
Dragon Ball Z: Goku's Fights in Order
5
Sorting Pictures: Villains
6
Criteria Quickie: Cartoon Taxonomy II
7
7-to-1: One Piece
8
Mini Trivia Sudoku: Musicals
9
Fictional Villains Letter U Blitz
10
Kamen Rider Motifs
Explore More
Trending Topics
Anime
Disney
Kpop
Crossword
NBA
Marvel
Harry Potter
Song
Puzzle
Pokémon
Soccer
The Office
Country
NFL
WWE
hide this ad
More By:
MattMinecraft
Quiz
Plays
Rating
Category
Featured
Created
A Series of Unfortunate Events The Bad Beginning
553
3.00
Literature
Oct 16, 2013
A Series of Unfortunate Events: The Reptile Room
334
5.00
Literature
Oct 16, 2013
A Series of Unfortunate Events: The Wide Window
279
2.00
Literature
Oct 18, 2013
Major and Minor Prophets
270
4.50
Religion
Oct 2, 2013
Harry Potter Obscure Characters
222
4.50
Entertainment
Sep 14, 2013
Go to Creator's Profile
Score Distribution
Quiz Creator Spotlight
MattMinecraft
Follow
Send a Message
Quizzes Created
-
Created Quiz Play Count
-
More By This Creator
Popular Quizzes Today
1
Find the US States - No Outlines Minefield
2
Find the Countries of Europe - No Outlines Minefield
3
The Countries of the World
4
Find the US States
5
Risky Map Clicking: Biggest States A-Z
6
US States
7
Popular People in 1961
8
Movies - When Are They Set?
More Entertainment Quizzes
JJBA Match up (User-Stand-Abilities) Part 6 {I}
Quiz Lab
Trending Quizzes
Risky Map Clicking: Least Populous States A-Z
Countries of the World: 200 Million BC
Billboard Blitz: Aretha Franklin
1-10 Letter G Words
Famous Russians: Author or Composer?
Recently Updated
Leaping Animals
pecheneg
Reality TV Shows (A-Z)
bhenderson79
Rickey Henderson's Hall of Fame Teammates
pecheneg
Champions League XIs: Arsenal
pecheneg
Quick Pick: Celebrities in WWE's Hall of Fame
aduchscher
A-Z Keypad Blitz II
pecheneg
Multiple Oscar Actors
pecheneg
Mystery Phrase Blitz: Oscar 'Best Actors'
pecheneg
F. Scott Fitzgerald Novels
LTH
Pick 3 Villains
ddd62291
Trending Topics
NBA
Anime
Kpop
Disney
Marvel
Crossword
Harry Potter
Song
WWE
Soccer
NFL
Country
Pokémon
The Office
Puzzle
Your Account Isn't Verified!
In order to create a playlist on Sporcle, you need to verify the email address you used during registration. Go to your
Sporcle Settings
to finish the process.
Report this User
Report this user for behavior that violates our
Community Guidelines
.
Details:
Send Report
Go to the Sporcle.com Mobile Site →
Comments